[Event "RUS-chT 12th"]
[Site "Sochi"]
[Date "2005.04.29"]
[Round "11"]
[White "Eljanov, Pavel"]
[Black "Dreev, Alexey"]
[Result "0-1"]
[WhiteElo "2641"]
[BlackElo "2705"]
[Annotator "Lutz,C"]
[PlyCount "208"]
[EventDate "2005.04.19"]
[EventType "team-tourn"]
[EventRounds "11"]
[EventCountry "RUS"]
[SourceTitle "EXT 2020"]
[Source "ChessBase"]
[SourceDate "2019.10.17"]
[SourceVersion "1"]
[SourceVersionDate "2019.10.17"]
[SourceQuality "1"]
[WhiteTeam "Saratov Ekonomist SGSEU"]
[BlackTeam "Sverdlovsk Ural region"]
[WhiteTeamCountry "RUS"]
[BlackTeamCountry "RUS"]

1. d4 d5 2. c4 c6 3. Nf3 Nf6 4. Nc3 e6 5. Bg5 h6 6. Bh4 dxc4 7. e4 g5 8. Bg3 b5
9. Ne5 (9. h4 g4 10. Ne5 {wurde einige Male von I.Sokolov gespielt, allerdings
ohne sonderlichen Erfolg. Schwarz könnte mit 10...Bb7 jetzt zur Textpartie
überleiten, es wurde jedoch meistens 10...Bb4 oder 10...h5 gespielt.}) (9. Be2
Bb7 10. h4 g4 11. Ne5 {ist die Khalifman-Variante.}) 9... Bb7 10. h4 {Dieser
Zug wurde vor einige Male von dem jungen Georgier Baadur Jobava gespielt.} g4
$5 {Schwarz vermeidet, dass die h-Linie geöffnet wird. Dieser Zug ist
technisch gesehen eine Neuerung, allerdings ergeben sich nun Möglichkeiten zur
Zugumstellung.} (10... Bg7 11. a4 a6 12. hxg5 hxg5 13. Rxh8+ Bxh8 14. Bxc4 Nbd7
(14... b4 15. Na2 a5 16. Qd3 Qe7 17. O-O-O Nbd7 18. f3 Bg7 19. Nxd7 Nxd7 20.
Kb1 Qf6 21. Nc1 Nb6 22. Be5 Qg6 23. Bxg7 Qxg7 24. Nb3 O-O-O 25. Nxa5 Nxa4 26.
Ba6 Nc5 27. Bxb7+ Nxb7 28. Qa6 {1-0 Jobava,B-Nikoladze,S/Tbilisi 1997/EXT 2002
(28)}) 15. Qb3 Qe7 16. Be2 Nxe5 17. Bxe5 b4 18. Nb1 O-O-O 19. Nd2 Nd7 20. Bxh8
Rxh8 21. Nc4 e5 22. O-O-O Kb8 23. Qe3 f6 24. Kb1 exd4 25. Qxd4 Ne5 26. Nd6 a5
27. Qc5 Qc7 28. Nxb7 Kxb7 29. Rd6 Qe7 30. Bb5 Kc7 31. Rxc6+ Nxc6 32. Qxc6+ Kb8
33. Ka2 Rc8 34. Qb6+ Qb7 35. Qxf6 Qxe4 36. Qd6+ Rc7 37. f3 Qe7 38. Qb6+ Kc8 39.
Ba6+ Kd8 40. Bc4 Qe5 41. Qb8+ Ke7 42. Qg8 Rd7 43. Bf7 Qf6 44. Qe8+ Kd6 45. Qf8+
Kc7 46. Qc5+ Kb8 47. Bd5 Qd6 48. Qb5+ Kc8 49. Bb3 Qf6 50. Qc5+ Kb8 51. Qxa5 Qf4
52. Qb6+ Rb7 53. Qd8+ Ka7 54. Qd5 Kb8 55. Qc6 Rc7 56. Qe8+ Ka7 57. Bd5 Kb6 58.
Qb5+ {1-0 Jobava,B-Raceanu,V/Artek 1999/EXT 2000 (58)}) (10... gxh4 11. Bxh4
Be7 12. Qf3 Nbd7 (12... b4 13. Na4 Nbd7 14. Bxc4 Nxe5 15. dxe5 Nd7 16. Qh5 Bxh4
17. Rxh4 Qe7 18. Rg4 O-O-O 19. Rg7 Rhf8 20. Rd1 Nc5 21. Rxd8+ Kxd8 22. Qd1+ Nd7
23. Bxe6 Qxe6 24. Nc5 Qe7 25. e6 Bc8 26. Nxd7 Bxd7 27. Qxd7+ Qxd7 28. exd7 Kxd7
29. Rh7 a5 30. Rxh6 Re8 31. Rh4 Kd6 32. Kd2 Kc5 33. Ke3 Kc4 34. e5+ Kd5 35.
Rd4+ Kc5 36. f4 f6 37. Rd2 f5 38. g4 fxg4 39. Ke4 g3 40. Rc2+ Kb5 41. f5 Rh8
42. Rg2 Rh4+ 43. Kf3 b3 44. axb3 Kc5 45. Kxg3 Re4 46. e6 Kd6 47. Rf2 {1-0
Izoria,Z-Korobov,A/Patras 2001/CBM 83 ext (47)}) 13. Nxf7 Kxf7 14. e5 Rb8 15.
exf6 Nxf6 16. Bxf6 Bxf6 17. O-O-O Ke7 18. Qe3 Qf8 19. g3 Kf7 20. Bh3 Qe7 21.
Rhe1 Bc8 22. Ne4 a5 23. Nc5 Re8 24. Kb1 e5 25. Bxc8 Rbxc8 26. Qxh6 Rh8 27. Qd2
b4 28. Qe2 c3 29. Qc4+ Kg6 30. dxe5 Bxe5 31. Qg4+ {1-0 Jobava,B-Tkeshelashvili,
S/Tbilisi 1997/EXT 2002 (31)}) 11. Nxg4 $5 {Leitet die Partie in unabhängige
Bahnen.} (11. Be2 {führt zur Khalifman-Variante.}) 11... Nxg4 12. Qxg4 Qxd4 13.
Rd1 Qg7 {Es ist schwierig für mich zu sagen, wer von dem Tausch der Bauern
profitiert hat. Einerseits konnte Schwarz einen wichtigen Zentrumsbauern
einheimsen, andererseits musste er seine Dame nach g7 zurückziehen.} 14. Qf4
Na6 15. Be2 Be7 16. e5 $6 {Mir gefällt dieser Zug nicht, da nun Schwarz das
Feld d5 mit dem Springer besetzen kann und die Möglichkeit zur langen Rochade
erhält.} (16. O-O $5 {sieht besser aus.}) 16... Nb4 17. Ne4 Nd5 18. Qc1 Bb4+
19. Kf1 O-O-O $15 {Ich denke, dass Schwarz besser steht, da sein König (im
Gegensatz zum weissen König) nun relativ sicher steht und er sich immer noch
eines Mehrbauern erfreuen kann. Auf der anderen Seite hat Weiss Kontrolle über
die schwarzen Felder, insbesondere c5, d6 und f6.} 20. h5 Kb8 21. Rh4 Ka8 22.
b3 c3 23. a3 Be7 24. Rg4 Qf8 25. Nxc3 Bxa3 26. Qa1 Nxc3 27. Qxc3 c5 28. Rd6 Bb4
29. Qd3 c4 30. bxc4 Bxd6 31. exd6 f5 32. Rd4 bxc4 33. Rxc4 Qg7 34. Qe3 Rc8 35.
Ra4 Bc6 36. Ra5 f4 37. Qxf4 Qc3 38. Ra2 Rhf8 39. d7 Bxd7 40. Bf3+ Bc6 41. Bxc6+
Qxc6 42. Qe3 Qc1+ 43. Qxc1 Rxc1+ 44. Ke2 Rc6 45. Be5 Rf5 46. Bd4 a6 47. g4 Rf4
48. Be3 Rxg4 49. Bxh6 Rh4 50. Ra5 e5 51. Bg7 Rxh5 52. Bxe5 Kb7 53. Ke3 Rc4 54.
Rd5 Kc6 55. Rd6+ Kc5 56. f4 Rh3+ 57. Kd2 Ra4 58. Kc2 Ra2+ 59. Kb1 Re2 60. Rd1
Rb3+ 61. Ka1 Rb5 62. Rd3 Kc4 63. Rc3+ Kb4 64. Rd3 Ka4 65. Rd6 Rb7 66. Rd3 Rb3
67. Rd4+ Rb4 68. Rd3 Rbe4 69. Bb2 Rxf4 70. Ra3+ Kb5 71. Rh3 Ra4+ 72. Kb1 Rb4
73. Ka1 Rg2 74. Rf3 Rc2 75. Rh3 a5 76. Rg3 Re4 77. Ka2 Rce2 78. Rg8 Ka4 79. Rg3
R2e3 80. Rg8 Re2 81. Rg3 Rh2 82. Rf3 Rb4 83. Ka1 Kb5 84. Rf5+ Ka6 85. Rf6+ Rb6
86. Rf5 a4 87. Rf4 Kb5 88. Rf5+ Kc6 89. Rf6+ Kb7 90. Rf4 Ra6 91. Rf7+ Kc6 92.
Rf3 Kd5 93. Rg3 Re2 94. Rh3 Rb6 95. Rh4 Re4 96. Rh8 Kc4 97. Rc8+ Kb3 98. Rc3+
Kb4 99. Ka2 Re2 100. Rh3 Ka5 101. Rh5+ Rb5 102. Rxb5+ Kxb5 103. Ka3 Re3+ 104.
Ka2 Kb4 0-1

[Event "POL-ch 53rd"]
[Site "Brzeg Dolny"]
[Date "1996.??.??"]
[Round "4"]
[White "Czerwonski, Aleksander"]
[Black "Kuczynski, Robert"]
[Result "0-1"]
[WhiteElo "2400"]
[BlackElo "2495"]
[Annotator "Lutz,C"]
[PlyCount "68"]
[EventDate "1996.03.09"]
[EventType "tourn"]
[EventRounds "15"]
[EventCountry "POL"]
[EventCategory "9"]
[SourceTitle "CBM 053"]
[Source "ChessBase"]
[SourceDate "1996.08.01"]
[SourceVersion "1"]
[SourceVersionDate "1996.08.01"]
[SourceQuality "1"]

1. d4 {Ftacnik} d5 2. c4 c6 3. Nf3 Nf6 4. Nc3 e6 5. Bg5 h6 6. Bxf6 Qxf6 7. e3
Nd7 8. Bd3 dxc4 9. Bxc4 g6 10. O-O Bg7 11. Qc2 $6 {Im späteren Verlauf der
Partie stände die weiße Dame besser auf e2.} (11. Qe2 O-O 12. Bb3 Qe7 13. Rac1
b6 14. e4 Bb7 15. e5 Rac8 16. Ne4 c5 17. Nd6 Bxf3 18. Qxf3 Rcd8 19. Qe4 cxd4
20. f4 $44 {wäre eine Variante, wenn Schwarz sich analog aufbaut.}) 11... O-O
12. Bb3 (12. Ne4 {Ftacnik} Qe7 13. Bb3 Rd8 14. Rad1 a5 15. a3 Ra6 16. Rd2 Nf6
17. Nc5 Ra7 18. Ne5 Bd7 19. Rfd1 (19. Nexd7 $142 $10) 19... Be8 20. Na4 Raa8
$10 {Bareev,E-Dreev,A/Wijk aan Zee (m1)/1995/0-1 (54)}) 12... Qe7 (12... e5 {
Ftacnik} 13. Nxe5 Nxe5 14. dxe5 Qxe5 15. Qxg6 $18) (12... Kh8 {Ftacnik} 13.
Rad1 e5 14. d5 $14) 13. Rac1 (13. Rad1 {Ftacnik} b6 14. e4 Bb7 (14... Ba6 $5
15. Rfe1 c5 16. d5 c4 17. d6 Qd8 18. Qe2 $1 $14) 15. Rfe1 Rfd8 16. e5 $5 Nf8 (
16... b5 17. Qe2 a6 18. h4 c5 19. d5 c4 20. Bc2 exd5 21. Nxd5 Bxd5 22. Rxd5 Nc5
23. Red1 Rxd5 24. Rxd5 Rd8 25. Be4 Rxd5 26. Bxd5 Qd7 {1/2-1/2 Cebalo,
M-Savchenko,S/Bled op (07)/1996/ (40)}) (16... Rab8 17. Qe2 b5 18. Qe3 c5 19.
d5 c4 20. Bc2 b4 21. d6 Qf8 22. Ne4 Nxe5 23. Nxe5 Bxe5 24. d7 Bxb2 25. Qxa7 Bd5
{1-0 Jovicic,M-Maksimenko,A/JUG-chT2 (03)/1994/ (33)}) 17. Qe2 c5 (17... Rd7 $5
18. Ne4 c5 19. dxc5 bxc5 $13) 18. d5 exd5 19. Nxd5 Bxd5 20. Bxd5 Rac8 21. Qc4
$14 {Chernin,A-Kuczynski,R/Debrecen/1992/1/2-1/2 (64)}) (13. Ne4 {Ftacnik} Rd8
(13... e5 14. Rad1 exd4 15. exd4 Nf6 16. Nc5 Bf5 17. Qc1 Rad8 18. Rfe1 Qc7 19.
h3 Nd5 20. Nd3 Qd6 21. Nfe5 Rfe8 22. Nf4 Bxe5 23. dxe5 Rxe5 24. Nxd5 cxd5 25.
Qxh6 {Sokolov,I-Savchenko,S/EUCup f Lyon/1994/1-0 (88)}) 14. Rad1 a5 15. a3 Nf8
16. Ne5 Bd7 17. f4 Be8 18. g4 Kh8 19. Rde1 f6 20. Nf3 g5 21. Qc5 Rd7 22. Nfd2
f5 {1/2-1/2 San Segundo,P-Zvjaginsev,V/Pamplona 9596 (09)/1996/ (28)}) (13. e4
{Ftacnik} b6 14. Rfe1 Bb7 15. e5 a6 16. Rad1 b5 17. Qe4 Rab8 18. Qe3 Rfd8 19.
Ne4 c5 20. Nxc5 Nxc5 21. dxc5 Rdc8 22. Rd6 Bxf3 23. gxf3 Qg5+ 24. Qxg5 hxg5 25.
c6 {1/2-1/2 Volzhin,A-Novikov,I/St.Petersburg op (03)/1995/ (47)}) 13... b6 14.
e4 Bb7 (14... e5 $2 {ist hier schlecht, da Schwarz sich bereits durch ...b6
weißfeldrig gelockert hat.} 15. d5 $16) 15. e5 Rac8 16. Ne4 $2 {Mit diesem Zug
überspannt Weiß den Bogen. Allerdings war ohnehin fraglich, ob Weiß besser
steht. Mit der wQ auf e2 wäre 16.Ne4 möglich.} (16. Qe4 $5 $10) (16. Rfe1 $1 {
Ftacnik} c5 17. d5) 16... c5 17. Nd6 (17. dxc5 {Ftacnik} Nxe5 18. Nxe5 Bxe5 $17
) 17... Bxf3 18. gxf3 (18. Nxc8 Qg5 $17 (18... Qg5 {Ftacnik} 19. Ne7+ Kh7 20.
g3 Qxe7 $19)) 18... Rcd8 19. f4 (19. dxc5 {Ftacnik} Nxe5 $19) 19... cxd4 20.
Qe4 Qh4 21. Rc7 (21. Qxd4 {Ftacnik} Bxe5 $19) 21... Nc5 22. Qf3 (22. Qxd4 {
Ftacnik} Qg4+ 23. Kh1 Rxd6 24. Qxd6 Qxf4 25. Rxc5 (25. Re1 Qf3+ 26. Kg1 Nd3 $19
) 25... bxc5 26. Qd3 Bxe5 $19) 22... g5 $17 23. Rxa7 (23. fxg5 {Ftacnik} Bxe5
24. Qg2 Qxg5 $19 (24... Bxd6 $2 25. gxh6+ Bg3 $8)) 23... Qxf4 24. Qxf4 gxf4 25.
Nc4 b5 26. Na5 Rc8 (26... Ra8 {Ftacnik} 27. Rxa8 Rxa8 28. Nc6 d3 29. Rd1 Kf8
$17) 27. Kg2 (27. Re1 d3 28. Kf1 Rfd8 $19) 27... Bxe5 28. Kf3 Kg7 29. Bd1 Bb8
30. Ra8 e5 31. b4 (31. Re1 f5 32. Rg1+ Kf6 33. Ke2 e4 $19) 31... e4+ 32. Kg4
Nd3 33. Be2 (33. Nb3 {Ftacnik} f5+ 34. Kh5 Rfd8 35. Rg1+ Kf6 36. Be2 Nxf2 $19)
33... Nxb4 34. Bxb5 Rc5 0-1

[Event "Corus-B"]
[Site "Wijk aan Zee"]
[Date "2005.01.29"]
[Round "12"]
[White "Nielsen, Peter Heine"]
[Black "Karjakin, Sergey"]
[Result "1-0"]
[WhiteElo "2648"]
[BlackElo "2599"]
[Annotator "Lutz,C"]
[PlyCount "201"]
[EventDate "2005.01.15"]
[EventType "tourn"]
[EventRounds "13"]
[EventCountry "NED"]
[EventCategory "13"]
[SourceTitle "CBM 105"]
[Source "ChessBase"]
[SourceDate "2005.04.11"]
[SourceVersion "1"]
[SourceVersionDate "2005.04.11"]
[SourceQuality "1"]

1. d4 d5 2. c4 c6 3. Nf3 Nf6 4. Nc3 e6 5. Bg5 h6 6. Bh4 dxc4 7. e4 g5 8. Bg3 b5
9. Be2 Nbd7 $5 {Damit vermeidet Schwarz die Variante 9...Bb7 10.h4. Aber nach
dem folgendem Durchbruch im Zentrum behält Weiß die Initiative.} 10. d5 cxd5
11. exd5 Nb6 12. dxe6 Qxd1+ {Schwarz tauscht die Damen ab, da er in einem
Mittelspiel noch größere Probleme hat.} (12... Bxe6 13. Nd4 $1 a6 (13... Bb4
14. O-O O-O 15. Ncxb5 $16 Bd5 16. a4 $1 Ne4 17. a5 Nxg3 18. hxg3 a6 19. Nc3
Bxc3 20. bxc3 Nd7 21. Nf5 Be6 22. Nxh6+ Kg7 23. Ng4 Bxg4 24. Bxg4 Ne5 25. Qxd8
Raxd8 26. Bf5 Rd2 27. Rfd1 Rfd8 28. Rxd2 Rxd2 29. Bc8 Rd6 30. Kf1 Nd3 31. Ra4
Nc1 32. Ke1 Nd3+ 33. Ke2 Rc6 34. Bf5 Nc1+ 35. Ke3 Nb3 36. g4 Rc5 37. f3 Nxa5
38. Ra3 Rd5 39. Be4 Rb5 40. Ra2 Kf6 41. Kd4 Ke6 42. g3 Kd6 43. f4 gxf4 44. gxf4
f6 45. Rh2 Rc5 46. Rh6 Nb3+ 47. Ke3 Ke7 48. Rh7+ Kf8 49. Bg6 Rc6 50. Ke4 a5 51.
Rf7+ Kg8 52. Ra7 a4 53. Kf5 Nd4+ 54. cxd4 c3 55. d5 c2 56. dxc6 c1=Q 57. c7 Qc6
58. Bf7+ {1-0 Beliavsky,A-Bacrot,E/Bugojno 1999/CBM 74/[Lutz] (58)}) 14. O-O
Bg7 15. Bf3 $16 Nbd5 16. Nxd5 Nxd5 17. Nxe6 (17. Re1 $5 O-O 18. Nxe6 fxe6 19.
Rxe6 $18) 17... fxe6 18. Qe2 Qd7 19. Bg4 Kf7 20. Rfe1 Rhe8 21. Rad1 Rad8 22.
Bh5+ Kg8 23. Bxe8 Rxe8 24. Be5 $18 Qc6 25. g3 b4 26. Bxg7 Kxg7 27. Qe5+ Kf7 28.
Qe4 Rg8 29. Rc1 c3 30. bxc3 bxc3 31. Re3 Qd7 32. Rf3+ Ke8 33. Rd1 Qc6 34. Qh7
Rf8 35. Qg6+ {1-0 Solozhenkin,E-Alavkin,A/St Petersburg 1999/CBM 74/[Lutz] (35)
}) 13. Rxd1 Bxe6 14. Nd4 $14 {Schwarz kann sich momentan noch eines Mehrbauern
erfreuen, aber aufgrund des weißen Entwicklungsvorsprungs steht Weiß trotzdem
besser.} (14. Be5 {führt ebenfalls zu einem vorteilhaften Endspiel.} Bg7 15.
Nxb5 O-O 16. O-O Nfd5 17. Bxg7 Kxg7 18. Nfd4 a6 19. Nxe6+ fxe6 20. Nd4 Kf6 21.
Rfe1 e5 22. Nf3 Rad8 23. Bf1 Rfe8 24. Nd2 Nb4 25. Nxc4 Nxc4 26. Bxc4 a5 27. g3
g4 28. Kg2 h5 29. h3 Nc2 30. Rh1 gxh3+ 31. Kxh3 e4 32. Be2 e3 33. Rdf1 Rd2 34.
Rh2 Kg5 35. f4+ Kh6 36. Rd1 Red8 37. Rhh1 R8d4 38. Bf3 e2 39. Rc1 R4d3 40. Be4
e1=Q 41. Rhxe1 Nxe1 42. Rxe1 Rd6 43. Bf3 Rf2 44. Re3 Rxb2 45. Re5 Rxa2 46.
Rxh5+ Kg7 47. Rb5 Rh6+ 48. Bh5 Rf6 49. Rb7+ Kh6 50. Bf3 Ra3 51. Kg2 Ra2+ 52.
Kg1 Ra3 53. Kf2 Ra2+ 54. Kf1 Ra3 55. Kf2 Ra2+ 56. Ke3 Ra3+ 57. Ke4 Re6+ 58. Kf5
Rxf3 59. Kxe6 Rxg3 60. Ra7 Re3+ 61. Kf6 Rb3 62. Ra6 a4 63. f5 a3 64. Ra4 Kh7
65. Ra7+ Kh6 66. Ra8 Kh7 67. Ra5 Rb6+ 68. Kg5 Kg7 69. Rxa3 Kf7 70. Ra7+ Kf8 71.
Rh7 Kg8 72. Rd7 Kf8 73. Kf4 Ra6 74. Ke5 Rb6 75. Rh7 Ra6 76. Kf4 Rb6 77. Ke4 {
1/2-1/2 Bareev,E-Akopian,V/Las Vegas 1999/CBM 72 (77)}) 14... a6 15. Bf3 O-O-O
16. O-O Bc5 17. Nc6 Rxd1 18. Rxd1 Nbd7 19. Na5 Kd8 20. Nb7+ Kc8 21. Nxc5 Nxc5
22. Be5 Ncd7 23. Rxd7 Bxd7 24. Bxf6 $14 {Die Lage hat sich geklärt: Weiß
kämpft mit zwei Leichtfiguren gegen einen Turm. Den Mehrbauern gibt Schwarz
auf, um dafür alle Bauern am Damenflügel abtauschen zu können.} Re8 25. h3 Re6
26. Nd5 a5 27. a3 b4 28. axb4 axb4 29. Bd4 c3 30. Nxb4 cxb2 31. Bxb2 Kd8 32.
Nd3 Ke7 {Vom theroretischen Standpunkt sollte das Endspiel vermutlich remis
sein. In der Praxis kann Weiß jedoch stundenlang den Gegner 'kneten'.} 33. Nc5
Rb6 34. Ba3 Rb1+ 35. Kh2 Ra1 36. Bb4 Rb1 37. Ba3 Ra1 38. Bb4 Rb1 39. Nd3+ Ke8
40. Bd6 Rb6 41. Bc7 Rb5 42. Ne5 Ke7 43. Nc4 Be6 44. Bd6+ Kf6 45. Ne3 Rb2 46.
Nd1 Rb3 47. Ne3 Rb2 48. Nd1 Rb3 49. Bh5 Kg7 50. Ne3 Rd3 51. Bc5 f6 52. Bd1 Rd2
53. Kg1 Ra2 54. Bd4 Rd2 55. Bc5 Ra2 56. Bc2 h5 57. Bd4 h4 58. Kf1 Kf7 59. Ke1
Kg7 60. Kd1 Kf7 61. Kc1 Kg7 62. Bb2 Kf7 63. Bd3 Ra4 64. f3 Ra8 65. Nc2 Rc8 66.
Kb1 Bc4 67. Be4 Rd8 68. Kc1 Bd3 69. Bxd3 Rxd3 70. Nd4 Kg6 71. Kc2 Re3 72. Kd2
Re8 73. f4 gxf4 74. Nf3 Kh5 75. Ne1 Kg5 76. Bd4 Rd8 77. Ke2 Re8+ 78. Kf2 Re6
79. Nf3+ Kh5 80. Kg1 Ra6 81. Bf2 Ra1+ 82. Kh2 Ra2 83. Bxh4 Kg6 84. Be1 Kf5 85.
Bc3 Ra3 86. Bd4 Rd3 87. Kg1 Ra3 88. Kf1 Ra2 89. Bc3 Ra3 90. Bd2 Ra2 91. Ke2 Ra3
92. Nd4+ Ke5 93. Nc2 Rb3 94. Ne1 Ke4 95. Nf3 Ra3 96. Bb4 Ra2+ 97. Nd2+ Kf5 98.
Kf3 Ra4 99. Bc5 Ra1 100. Nb3 Kg5 $4 {Jeder Turmzug auf ein sicheres Feld hätte
die Partie wohl gehalten.} 101. Nxa1 {Upps!} 1-0

[Event "Linares Anibal op 04th"]
[Site "Linares"]
[Date "1997.??.??"]
[Round "2"]
[White "Filippov, Valerij"]
[Black "Piankov, Evgenij"]
[Result "1-0"]
[WhiteElo "2510"]
[BlackElo "2410"]
[Annotator "Lutz,C"]
[PlyCount "75"]
[EventDate "1997.02.??"]
[EventType "swiss"]
[EventRounds "10"]
[EventCountry "ESP"]
[SourceTitle "CBM 058"]
[Source "ChessBase"]
[SourceDate "1997.06.01"]
[SourceVersion "1"]
[SourceVersionDate "1997.06.01"]
[SourceQuality "1"]

1. Nf3 Nf6 2. c4 c6 3. d4 d5 4. Nc3 e6 5. Bg5 h6 6. Bxf6 Qxf6 7. e3 Bd6 8. Bd3
O-O $6 (8... Nd7 9. O-O Qe7 {So behält Schwarz sein Läuferpaar.}) 9. O-O Nd7
10. e4 dxe4 11. Nxe4 Qe7 12. Nxd6 $14 {Die schwarze Hoffnung in der Moskauer
Variante ist sein schwarzfeldriger Läufer. Wird dieser einfach abgetausch, hat
der Nachziehende keine Kompensation für seinen Raumnachteil. Weiß gewinnt
beinahe automatisch.} Qxd6 13. c5 Qf4 14. Re1 Rd8 15. Rc1 b5 $2 16. Bb1 $16 Nf8
17. Re4 Qc7 18. Ne5 Bd7 19. Rc3 Be8 20. Rg3 f5 21. Re1 a5 22. Rd3 a4 23. a3 Qe7
24. Kh1 Qf6 25. f4 Ng6 26. Qd2 Ne7 27. g4 fxg4 28. Nxg4 Qh4 29. Qe2 Bf7 30. Rg1
e5 31. dxe5 Bd5+ 32. Rxd5 cxd5 33. f5 Kf8 34. f6 gxf6 35. Nxf6 Nc6 36. Qf3 Nxe5
37. Nd7+ Ke8 38. Nxe5 1-0

[Event "Linares Anibal op 04th"]
[Site "Linares"]
[Date "1997.??.??"]
[Round "3"]
[White "Gallego Jimenez, Victoriano"]
[Black "Cifuentes Parada, Roberto"]
[Result "1/2-1/2"]
[WhiteElo "2395"]
[BlackElo "2515"]
[Annotator "Lutz,C"]
[PlyCount "71"]
[EventDate "1997.02.??"]
[EventType "swiss"]
[EventRounds "10"]
[EventCountry "ESP"]
[SourceTitle "CBM 058"]
[Source "ChessBase"]
[SourceDate "1997.06.01"]
[SourceVersion "1"]
[SourceVersionDate "1997.06.01"]
[SourceQuality "1"]

1. d4 d5 2. c4 c6 3. Nf3 Nf6 4. Nc3 e6 5. Bg5 h6 6. Bxf6 Qxf6 7. e3 Nd7 8. Bd3
g6 9. O-O dxc4 10. Bxc4 Bg7 11. e4 e5 12. d5 Nb6 13. Bb3 Bg4 14. h3 Bxf3 15.
Qxf3 Qxf3 16. gxf3 $11 c5 $5 {16...Ke7 ist gut genug zum Ausgleich.} (16... Ke7
{1/2:1/2 Khalifman,A-Ehlvest,J (Paernu 1996)} 17. dxc6 bxc6 18. Rfc1 Rhd8 19.
Nd1 Rd6 20. Rc3 a5 21. Ne3 h5 22. Rac1 a4 23. Bd1 Kd7 24. Kf1 Bh6 25. Ke1 Kc7
26. Be2 Kb7 27. R1c2 Ra5 28. a3 Bxe3 29. fxe3 f5 30. Rc5 Rxc5 31. Rxc5 fxe4 32.
fxe4 Re6 33. Ra5 Kc7 34. Kd2 Kd6 35. Ra6 Kc5 36. Ra5+ Kd6 37. Ra6 Kc5 38. Ra5+
{1/2-1/2 Khalifman,A-Akopian,V/Erevan 1996}) 17. a4 $6 (17. Na4 Nd7 (17... Nxa4
18. Bxa4+ Ke7 19. d6+ $5) 18. d6 $5) 17... Nc8 18. a5 Nd6 19. a6 b6 (19... b5
$2 20. Ra5 {/\ Nb5}) 20. Nb5 Ke7 21. Nxd6 Kxd6 22. Bc4 h5 23. b3 Bh6 $15 24.
Rfd1 f5 25. Kf1 Raf8 26. Ke2 Rf6 27. Rg1 fxe4 28. fxe4 Rhf8 29. Raf1 g5 30. f3
Rf4 31. Rg3 R8f6 32. Rg2 Rg6 33. Rfg1 Rgf6 34. Rf1 Ke7 35. Rg3 Kd6 36. Rg2
1/2-1/2

[Event "Moscow Aeroflot op-A"]
[Site "Moscow"]
[Date "2005.02.16"]
[Round "2"]
[White "Van Wely, Loek"]
[Black "Popov, Valerij"]
[Result "1-0"]
[WhiteElo "2679"]
[BlackElo "2588"]
[Annotator "Lutz,C"]
[PlyCount "63"]
[EventDate "2005.02.15"]
[EventType "swiss"]
[EventRounds "9"]
[EventCountry "RUS"]
[SourceTitle "CBM 106"]
[Source "ChessBase"]
[SourceDate "2005.06.06"]
[SourceVersion "1"]
[SourceVersionDate "2005.06.06"]
[SourceQuality "1"]

1. d4 d5 2. c4 c6 3. Nc3 Nf6 4. Nf3 e6 5. Bg5 h6 6. Bh4 dxc4 7. e4 g5 8. Bg3 b5
9. Be2 Bb7 10. Ne5 Bg7 11. Qc2 {Topalov hatte hier stattdessen zweimal zu 11.
h4 gegriffen. Neben der Deckung des Bauern e4 hat der Damenzug auch noch die
Pointe, dass die Idee Nxf7 nebst e4-e5 und Bh5+ in der Luft hängt, siehe die
Anmerkung zu 11...Qxd4.} (11. h4 Nbd7 (11... Nfd7 $6 12. Ng4 $1 Qa5 13. hxg5
hxg5 14. Rxh8+ Bxh8 15. Kf1 $16 {1/2-1/2 Topalov,V-Timman,J/Wijk aan Zee 1998/
CBM 63/[Lutz] (42)}) (11... b4 12. hxg5 hxg5 13. Rxh8+ Bxh8 14. Nxc4 bxc3 15.
Nd6+ Kf8 16. Nxb7 Qb6 17. Nc5 cxb2 18. Rb1 $40 {0-1 Oms Pallise,J-Korneev,O/
Dos Hermanas 2001/CBM 83/[Lutz] (26)}) 12. Qc2 (12. hxg5 hxg5 13. Rxh8+ Bxh8
14. Qc2 Nxe5 15. Bxe5 Qa5 16. Kf1 O-O-O 17. Kg1 Nd7 18. Bxh8 Rxh8 19. Rd1 $44 {
1/2-1/2 Sasikiran,K-Ramesh,R/Nagpur 2002/CBM 86 ext (33)}) 12... c5 13. hxg5
cxd4 $6 (13... hxg5 $5 $13) 14. Nxb5 Nxe4 (14... Qa5+ $5) 15. Nxc4 Nxg3 16.
Nbd6+ Kf8 17. Nxb7 Qc7 18. fxg3 Qxb7 19. O-O $16 {1-0 Topalov,V-Dreev,A/New
Delhi/Teheran 2000/CBM 81/[Lutz] (34)}) (11. f4 $2 Nfd7 $1 $17 {1-0 Sasikiran,
K-Ponomariov,R/Biel 2004/CBM 102/[Lutz] (33)}) 11... Nfd7 $146 (11... Qxd4 12.
Nxf7 $1 O-O (12... Kxf7 13. Rd1 Qc5 14. Bd6 Qb6 15. e5 Nfd7 $2 (15... Nbd7 16.
exf6 Nxf6 17. O-O $44) 16. Bh5+ Kg8 17. Qg6) 13. Nd6 Ba6 14. Rd1 Qc5 15. e5 $16
Nd5 16. Bg4 Nb4 17. Bxe6+ Kh8 18. Qg6 Nd3+ 19. Rxd3 cxd3 20. Nf5 Rxf5 21. Bxf5
Kg8 22. O-O Qe7 23. Ne4 b4 24. Be6+ Kh8 25. Nd6 Nd7 26. Nf5 {1-0 Armbruster,
A-Madl,I/Budapest 2003/CBM 96 ext (26)}) 12. Nxd7 Nxd7 13. Rd1 e5 $2 {Dieser
Zug gefällt mir nicht. Zwar wird so der Bg3 eingesperrt, aber andererseits ist
der Bg7 jetzt nur noch wenig mehr als ein großer Bauer und die Felder d5 und
f5 werden geschwächt.} (13... Qb6 $5 {ist kritisch für die Bewertung des
weißen Konzepts. Die Stellung erscheint mir befriedigend für Schwarz.}) 14. d5
$40 Qa5 15. O-O O-O (15... h5 16. h4 g4 17. f3 gxf3 18. Rxf3 $40) 16. h4 Rad8
17. hxg5 hxg5 18. Qc1 f6 19. a4 a6 $5 (19... cxd5 $5 {erscheint mir besser, um
für die Schwächen auf den weißen Feldern wenigstens noch einen Bauern
einzustreichen.} 20. Nxd5 Qxa4) 20. Bg4 cxd5 $6 (20... Nc5 $5) 21. Nxd5 $16 Kf7
{Schwarz kann das Feld e6 leider nicht mehr befriedigend decken.} (21... Nc5 $2
22. b4 $1) 22. Bh5+ Ke6 {Dieser Wanderkönig lässt das Vertrauen in die
schwarze Stellung schwinden.} (22... Kg8 23. Ne7+ Kh8 24. Qe3 {und die weiße
Dame gelangt auf die h-Linie.}) 23. axb5 axb5 24. b4 cxb3 25. Qe3 {mit den
Ideen Qxb3 und Qf3-f5+.} Bxd5 26. exd5+ Kd6 27. Rc1 Rc8 28. Rc6+ Rxc6 29. dxc6
Kxc6 30. Rc1+ Kd6 $6 (30... Kb7 31. Qxb3 (31. Qd3 Nb6 32. Qh7 b2 33. Qxg7+ Ka6
{ist nicht so klar}) 31... Nb6 32. Bf3+ Ka6 33. Be2 $16) 31. Qd3+ Ke7 32. Qh7
1-0